000 01047nam a2200241Ia 4500
999 _c39573
_d39573
001 6172
003 GE_BSU
005 20191129162921.0
008 181216s1967||||ge |||||||||||||| ||geo||
040 _cGE_BSU
041 _ageo
080 _a821.353.1-32 გ-26
100 _aგეგეშიძე, გურამ.
_95631
245 _aსიშორე :
_bმოთხრობები /
_cგურამ გეგეშიძე ; რედ. რ. მარგიანი ; მხატვ. ლ. მძინარიშვილი.
264 _aთბილისი :
_bლიტერატურა და ხელოვნება,
_c1967.
300 _a159 გვ. ;
_c16 სმ.
490 _aმწერლის პირველი წიგნი
653 _aმოთხრობა
653 _aსიშორე
700 _aმარგიანი, რ.
_eრედაქტორი
_93672
700 _aმძინარიშვილი, ლ.
_eმხატვარი
_95637
942 _cBK
_2udc